| Tag |
First Indicator |
Second Indicator |
Subfields |
| LEADER |
00000pam a2200000 a 4500 |
| 001 |
in00000051018 |
| 005 |
20151007080121.0 |
| 008 |
751006s1976 ilua b 00110 engm |
| 010 |
|
|
|a 75034109
|
| 020 |
|
|
|a 0574210652
|
| 035 |
|
|
|a (OCoLC)01818537
|
| 035 |
|
|
|9 AAF4283AM
|
| 040 |
|
|
|a DLC
|c DLC
|d m.c.
|d TXA
|d UtOrBLW
|
| 049 |
|
|
|a TXAM
|c [1561681]
|
| 050 |
0 |
0 |
|a TK7885
|b S56
|
| 082 |
0 |
|
|a 621.3819/5
|
| 100 |
1 |
|
|a Sloan, M. E.
|q (Martha E.)
|
| 245 |
1 |
0 |
|a Computer hardware and organization :
|b an introduction /
|c M.E. Sloan.
|
| 264 |
|
1 |
|a Chicago :
|b Science Research Associates,
|c [1976]
|
| 264 |
|
4 |
|c ©1976
|
| 300 |
|
|
|a xii, 520 pages :
|b illustrations ;
|c 25 cm.
|
| 336 |
|
|
|a text
|b txt
|2 rdacontent
|
| 337 |
|
|
|a unmediated
|b n
|2 rdamedia
|
| 338 |
|
|
|a volume
|b nc
|2 rdacarrier
|
| 500 |
|
|
|a Includes index.
|
| 504 |
|
|
|a Bibliography: pages 511-514.
|
| 650 |
|
0 |
|a Computers.
|
| 999 |
|
|
|a MARS
|
| 999 |
f |
f |
|s 752baf73-d614-30bc-9e72-bc79bd76745f
|i 4e88b8de-5449-3598-bb87-7823c4f410f4
|t 0
|
| 952 |
f |
f |
|p ric
|a Texas A&M University
|b Rellis Campus
|c Joint Library Facility
|d Remote Storage
|t 0
|e TK7885 S56
|h Library of Congress classification
|i unmediated -- volume
|m A14805946703
|
| 998 |
f |
f |
|a TK7885 S56
|t 0
|l Remote Storage
|